| 000 | 00000nam 2200000zi 4500 |
| 001 | 9.945041 |
| 003 | CaOODSP |
| 005 | 20250130130918 |
| 006 | m o d f |
| 007 | cr mn||||||||| |
| 008 | 241108t20252025onca o f000 0 eng d |
| 020 | |a9780660745763 |
| 040 | |aCaOODSP|beng|erda|cCaOODSP |
| 043 | |an-cn--- |
| 086 | 1 |aNR16-469/2024E-PDF |
| 245 | 00|aCritical battery materials initiative. |
| 264 | 1|a[Ottawa] : |bNational Research Council Canada = Conseil national de recherches Canada, |c[2025] |
| 264 | 4|c©2025 |
| 300 | |a1 online resource (5 unnumbered pages) : |bcolour illustrations |
| 336 | |atext|btxt|2rdacontent |
| 337 | |acomputer|bc|2rdamedia |
| 338 | |aonline resource|bcr|2rdacarrier |
| 500 | |aIssued also in French under title: Initiative sur les matériaux critiques pour les batteries. |
| 500 | |aAt head of title: NRC-CNRC Challenge program. |
| 650 | 0|aElectric batteries|xMaterials|zCanada. |
| 650 | 0|aStrategic materials|zCanada. |
| 710 | 2 |aNational Research Council Canada, |eissuing body. |
| 775 | 08|tInitiative sur les matériaux critiques pour les batteries.|w(CaOODSP)9.945042 |
| 856 | 40|qPDF|s1.45 MB|uhttps://publications.gc.ca/collections/collection_2025/cnrc-nrc/NR16-469-2024-eng.pdf |